Every Lil Nas X Song on the Billboard Hot 100 - Statistics

General Stats
  • This quiz has been taken 385 times
    248 since last reset
  • The average score is 4 of 5
Answer Stats
# Year Song % Correct
1 2019 Old Town Road ft. Billy Ray Cyrus
98%
1 2021 Montero (Call Me By Your Name)
88%
5 2019 Panini
77%
37 2020 Holiday
59%
22 2019 Rodeo (Cardi B)
54%
No matching quizzes found
Score Distribution
Percent of People with Each Score
Percentile by Number Answered
Your Score History
You have not taken this quiz since the last reset